书目信息 |
| 题名: |
中国足球与世界杯
|
|
| 作者: | 李仪 编著 | |
| 分册: | ||
| 出版信息: | 北京 北京体育大学出版社 2012 |
|
| 页数: | 224页 | |
| 开本: | 23cm | |
| 丛书名: | ||
| 单 册: | ||
| 中图分类: | G843.92 , G843.732 , G843.92 | |
| 科图分类: | ||
| 主题词: | 足球运动--世界杯--介绍 , 足球运动--概况--中国 , 球类运动 | |
| 电子资源: | ||
| ISBN: | 978-7-5644-1221-0 | |
| 000 | 01160nam0 2200325 450 | |
| 001 | 1549223307 | |
| 005 | 20150707134133.31 | |
| 010 | @a978-7-5644-1221-0@dCNY35.00 | |
| 090 | @aG843@bly | |
| 096 | @aG843@bly | |
| 100 | @a20130802d2012 em y0chiy50 ea | |
| 101 | 0 | @achi |
| 102 | @aCN@b110000 | |
| 105 | @aa z 000yy | |
| 106 | @ar | |
| 200 | 1 | @a中国足球与世界杯@b专著@f李仪编著@Azhong guo zu qiu yu shi jie bei |
| 210 | @a北京@c北京体育大学出版社@d2012 | |
| 215 | @a224页@c图@d23cm | |
| 312 | @a封面英文题名:Chinese football and the World Cup | |
| 330 | @a本书主要内容有:国际足球最高管理机构——国际足球联合会、世界杯足球赛的起源和发展、世界杯足球赛收入与支出、世界杯足球赛的社会问题、中国世界杯参赛历史回顾、中国与世界杯足球赛的申办、世界杯冠军队伍。 | |
| 510 | 1 | @aChinese football and the World Cup@zeng |
| 606 | 0 | @a足球运动@x世界杯@x介绍 |
| 606 | 0 | @a足球运动@x概况@y中国 |
| 606 | 0 | @a球类运动 |
| 690 | @aG843.92@v5 | |
| 690 | @aG843.732@v5 | |
| 690 | @aG843.92@v4 | |
| 701 | 0 | @a李仪@f(1965.10~)@4编著@Ali yi |
| 801 | 0 | @aCN@b大连网信软件有限公司图书馆·11@c20150707 |
| 905 | @aZUCC@dG843.92@et44 | |
| 中国足球与世界杯/李仪编著.-北京:北京体育大学出版社,2012 |
| 224页:图;23cm |
| ISBN 978-7-5644-1221-0:CNY35.00 |
| 本书主要内容有:国际足球最高管理机构——国际足球联合会、世界杯足球赛的起源和发展、世界杯足球赛收入与支出、世界杯足球赛的社会问题、中国世界杯参赛历史回顾、中国与世界杯足球赛的申办、世界杯冠军队伍。 |
| ● |
| 相关链接 |
|
|
|
|
正题名:中国足球与世界杯
索取号:G843.92/t44
 
预约/预借
| 序号 | 登录号 | 条形码 | 馆藏地/架位号 | 状态 | 备注 |
| 1 | 6940313 | 269403139 | 密集书库-体育系/ [索取号:G843.92/t44] | 在馆 |